Geomorfología de la Pampa Deprimida : base para los estudios edafológicos y agronómicos /
Guardado en:
| Autor Principal: | |
|---|---|
| Formato: | Libro |
| Idioma: | Spanish |
| Publicado: |
[Buenos Aires :
Secretaría de Estado de Agricultura y Ganadería de la Nación, Instituto Nacional de Tecnología Agropecuaria,
[1973?]
|
| Series: | Colección científica. Instituto Nacional de Tecnología Agropecuaria (Argentina) ;
t. 12. |
| Materias: | |
| Etiquetas: |
Agregar Etiqueta
Sin Etiquetas, Sea el primero en etiquetar este registro!
|
| LEADER | 01529cam a2200289 a 4500 | ||
|---|---|---|---|
| 001 | EEA.libagro010471 | ||
| 008 | 761216s1973####ag#af####b###f000#0#spa## | ||
| 005 | 20200220095224.0 | ||
| 245 | 1 | 0 | |a Geomorfología de la Pampa Deprimida : |b base para los estudios edafológicos y agronómicos / |c Jean L. F. Tricart. |
| 260 | |a [Buenos Aires : |b Secretaría de Estado de Agricultura y Ganadería de la Nación, Instituto Nacional de Tecnología Agropecuaria, |c [1973?] | ||
| 300 | |a xi, 202 p., [9] h. pleg. de lám. : |b il. ; |c 25 cm. | ||
| 490 | 1 | |a Colección científica ; nº 12 | |
| 500 | |a Cabecera de portada: Plan mapa de suelos de la Región Pampeana. | ||
| 504 | |a Bibliografía: p. 130-131. | ||
| 505 | 0 | |a I. Particularidades morfogenéticas de la Pampa deprimida -- II. Evolución geomorfológica y pedológica de la Pampa deprimida -- III. Aspectos metodológico: integración de la geomorfología con los estudios edafológicos -- Anexo 1 -- Anexo 2 -- IV. Aspectos geomórficos regionales -- Mapas geomorfológicos. | |
| 100 | 1 | |a Tricart, Jean. | |
| 740 | |a Plan mapa de suelos de la Región Pampeana. | ||
| 830 | 0 | |a Colección científica. Instituto Nacional de Tecnología Agropecuaria (Argentina) ; |v t. 12. | |
| 043 | |a s-ag--- | ||
| 082 | 0 | 0 | |a 551.45 |
| 082 | 0 | 0 | |a 631.478212 |
| 650 | 7 | |a Geomorfología |z Argentina |z Buenos Aires |2 agrovoc | |
| 650 | 7 | |a Suelo |z Argentina |2 agrovoc | |
| 010 | |a 76488071 | ||
| 040 | |a DLC |c DLC |d DLC | ||
| 050 | 0 | 0 | |a GB432.A7 |b T74 |
| 859 | |a AR-BbBCA |b BIB. AGRONOMIA |h 551.45 |i T823 |p 1975/0023 | ||
